| 000 | 00747nam a22002057a 4500 | ||
|---|---|---|---|
| 003 | OSt | ||
| 005 | 20260305070248.0 | ||
| 008 | 260129b |||||||| |||| 00| 0 eng d | ||
| 020 | _a978-971-27-2145-8 | ||
| 040 |
_aDWCL-Main Lib _cOC |
||
| 082 | _aRes. 641.8 B166 2009 | ||
| 110 |
_aThe Maya Kitchen Culoinary Arts Center _eCorporate Author |
||
| 245 | _aBaking handbook for quick bread, yeast bread, cookies, cakes, pies and pastries | ||
| 260 |
_aPhilippines : _bAnvil publishing, Inc., _cc2009 |
||
| 300 |
_axi, 126p. : _c26 cm. |
||
| 504 | _aIncludes glossary. | ||
| 650 | _aBaking. 2. Bread--Baking. I. Subida, Rory C. II. The Maya Kitchen Culinary Arts Center. | ||
| 700 |
_aRORY C. SUBIDA _eEditor |
||
| 942 |
_2ddc _cBK-0 CIRC _mRes. _n0 |
||
| 999 |
_c7930 _d7930 |
||